000 01311nam a2200301 a 4500
001 BRL_1458
005 20190320211222.0
008 160114s1984----mx-ao#####---#000-0#spa-#
041 _aspa
044 _amx
050 4 _aTT898
_b.M67 1984
100 1 _aMorris, Walter F.
_926981
245 1 0 _aMil años del tejido en Chiapas
_cWalter F. Morris ; textos Walter F. Morris y Francisco Álvarez ; fotografía en color Jeffrey Jay Foxx ; fotografía en blanco y negro Micaela Guirk.
260 _aMéxico
_bInstituo de la Artesanía Chiapneca
_c1984
300 _a56 p.
_bil., fotografías, mapas
_c23 cm.
500 _aej.1 Au1604, ej.2 Au1603
500 _aEl ej.2 incluye dedicatoria a Ruth Lechuga
500 _aLa biblioteca cuenta con 2 ejemplares
500 _aEn la portada: ´Un documento sobre la primera exposición de la Colección Pellizzi en el Centro Cultural Maya Ex-Convento de Santo Domingo San Cristobal de las Casas, Chiapas´.
600 1 4 _aPellizzi, Francesco
_d1940-
_vColección de arte
_926982
650 1 4 _aTejeduría
_zChiapas (México)
_926983
650 1 4 _aIndustria textil indígena
_zChiapas (México)
_926984
700 1 _aÁlvarez, Francisco
_926985
700 1 _aJay Foxx, Jeffrey
_eil.
_926986
700 1 _aGuirk, Micaela
_eil.
_926987
902 _aGRL
942 _2lcc
_cB
999 _c10268
_d10268